[Event "SVK-chT2A 1314"]
[Site "Slovakia"]
[Date "2014.01.12"]
[Round "6.8"]
[White "Doucha, Ludvig"]
[Black "Feder, Marek"]
[Result "1-0"]
[WhiteElo "2039"]
[BlackElo "1874"]
[PlyCount "55"]
[EventDate "2013.10.19"]
[EventType "team-tourn"]
[EventRounds "11"]
[EventCountry "SVK"]
[SourceTitle "EXT 2015"]
[Source "ChessBase"]
[SourceDate "2014.11.20"]
[SourceVersion "1"]
[SourceVersionDate "2014.11.20"]
[SourceQuality "1"]
[WhiteTeam "Trnava Lokomotiva II"]
[BlackTeam "Pezinok"]
[WhiteTeamCountry "SVK"]
[BlackTeamCountry "SVK"]

1. e4 c5 2. c4 Nc6 3. Ne2 g6 4. d4 cxd4 5. Nxd4 Bg7 6. Be3 d6 7. Nc3 a6 8. Be2 e5 9. Nc2 f5 10. f3 Nh6 11. 0-0 f4 12. Bf2 Nf7 13. Nd5 0-0 14. b4 Be6 15. Bb6 Qd7 16. a4 Bxd5 17. Qxd5 Ne7 18. Qd2 Qc6 19. a5 Nc8 20. b5 Qd7 21. Bf2 Na7 22. Qd5 g5 23. Rfb1 axb5 24. cxb5 Nc8 25. a6 Ne7 26. Qxb7 Qxb7 27. axb7 Rxa1 28. Rxa1 1-0

[Event "SVK-chT2A 0809"]
[Site "Slovakia"]
[Date "2009.01.10"]
[Round "7.8"]
[White "Labar, Eduard"]
[Black "Feder, Marek"]
[Result "1/2-1/2"]
[WhiteElo "2051"]
[BlackElo "1371"]
[PlyCount "62"]
[EventDate "2008.10.11"]
[EventType "team-tourn"]
[EventRounds "11"]
[EventCountry "SVK"]
[SourceTitle "EXT 2010"]
[Source "ChessBase"]
[SourceDate "2010.11.25"]
[SourceVersion "1"]
[SourceVersionDate "2010.11.25"]
[SourceQuality "1"]
[WhiteTeam "Bratislava Slavia STU"]
[BlackTeam "Pezinok KS"]
[WhiteTeamCountry "SVK"]
[BlackTeamCountry "SVK"]

1. d4 d5 2. Nf3 Nf6 3. Bf4 Nc6 4. c3 Bf5 5. e3 e6 6. Bd3 Bg4 7. Nbd2 Bd6 8. Bg3 Bxg3 9. hxg3 h6 10. Qa4 a6 11. Ne5 Qd6 12. Nxg4 Nxg4 13. Rh3 0-0 14. Be2 Nf6 15. f4 Ne7 16. g4 Nh7 17. 0-0-0 f6 18. Nf3 c5 19. dxc5 Qxc5 20. Qd4 Rac8 21. Bd3 Qxd4 22. exd4 f5 23. g5 hxg5 24. fxg5 g6 25. Rh6 Rf7 26. Re1 Nf8 27. Kd2 Rh7 28. Rhh1 Re8 29. b3 Nc6 30. Rxh7 Kxh7 31. c4 Re7 1/2-1/2